000 00381cam a2200169ua 4500
020 _cRs. 1.25
041 _amal
_h
082 _a894.8122
_bGOR/AT
100 _aGorki, Maxim .
245 _aAtithattukal
260 _aKottayam :
_bNational Book Stall ,
_c1958.
300 _a156 ; .
365 _aRs. 1.25
650 _aNovel
942 _cBK
999 _c1215
_d1215